Online
Catalog

El camino hacia la democracia : (Record no. 1588)

MARC details
000 -CABECERA
campo de control de longitud fija 00824cam a2200241 a 4500
001 - NÚMERO DE CONTROL
campo de control 000001709
005 - FECHA Y HORA DE LA ÚLTIMA TRANSACCIÓN
campo de control 20200929145654.0
008 - DATOS DE LONGITUD FIJA--INFORMACIÓN GENERAL
campo de control de longitud fija 060920s2000 ja 001 0aspa d
020 ## - NÚMERO INTERNACIONAL ESTÁNDAR DEL LIBRO
Número Internacional Estándar del Libro 4569609864
040 ## - FUENTE DE LA CATALOGACIÓN
Centro catalogador/agencia de origen DO-SdBNP
Lengua de catalogación spa
Centro/agencia transcriptor BNPHU
082 ## - NÚMERO DE LA CLASIFICACIÓN DECIMAL DEWEY
Número de clasificación 320.1249
Número de documento/Ítem L477t
100 1# - ENTRADA PRINCIPAL--NOMBRE DE PERSONA
Nombre de persona Lee, Teng-hui.
Fechas asociadas al nombre 1923-
9 (RLIN) 5559
240 10 - TÍTULO UNIFORME
Título uniforme Taiwan no shucho.
Lenguaje de la obra Español.
245 13 - MENCIÓN DE TÍTULO
Título El camino hacia la democracia :
Resto del título Taiwan busca su identidad /
Mención de responsabilidad, etc. Lee Teng-hui; traducción, PHP institute.
246 30 - FORMA VARIANTE DE TÍTULO
Título propio/Titulo breve Taiwan busca su identidad
260 ## - PUBLICACIÓN, DISTRIBUCIÓN, ETC.
Lugar de publicación, distribución, etc. Tokyo :
Nombre del editor, distribuidor, etc. PHP Institiute.,
Fecha de publicación, distribución, etc. 2000.
300 ## - DESCRIPCIÓN FÍSICA
Extensión 232 p. ;
Dimensiones 22 cm.
500 ## - NOTA GENERAL
Nota general Incluye datos biográficos del autor
500 ## - NOTA GENERAL
Nota general Incluye índice.
651 #4 - PUNTO DE ACCESO ADICIONAL DE MATERIA--NOMBRE GEOGRÁFICO
Nombre geográfico Taiwán
Subdivisión general Política Y Gobierno
Subdivisión cronológica 1975-
9 (RLIN) 5560
650 #4 - PUNTO DE ACCESO ADICIONAL DE MATERIA--TÉRMINO DE MATERIA
Término de materia o nombre geográfico como elemento de entrada Presidentes
Subdivisión geográfica Taiwán
Subdivisión general Biografías
9 (RLIN) 5561
710 2# - PUNTO DE ACCESO ADICIONAL--NOMBRE DE ENTIDAD CORPORATIVA
Nombre de entidad corporativa o nombre de jurisdicción como elemento de entrada PHP institute,
9 (RLIN) 5562
Holdings
Estado de retiro Estado de pérdida Restricciones de uso No para préstamo Código de colección Localización permanente Ubicación/localización actual Ubicación en estantería Fecha de adquisición Número de inventario Total de préstamos Signatura topográfica completa Código de barras Fecha visto por última vez Precio válido a partir de Tipo de ítem Koha
      Excluido de préstamo Monografías: Libros y Folletos General General Depósito 04.09.2009 LF1   320.1249 L477t 1709-10 25.06.2020 25.06.2020 No se presta
        Monografías: Libros y Folletos Patrimonio Dominicano Patrimonio Dominicano Orden iniciada 25.05.2017 LF1   320.1249 L477t 1709-20 25.06.2020 25.06.2020 No se presta

Powered by Koha